[Event "Titled Tuesday intern op 01st Apr Early"]
[Site "Chess.com INT"]
[Date "2025.04.01"]
[Round "7"]
[White "Kjaergaard Jensen, Jesper"]
[Black "Rodriguez, Santiago"]
[Result "1-0"]
[WhiteElo "2081"]
[BlackElo "2252"]
[PlyCount "61"]
[EventDate "2025.04.01"]
[EventType "swiss (blitz)"]
[EventRounds "11"]
[EventCountry "USA"]
[SourceTitle "CB15_2025"]
[SourceDate "2025.04.09"]
[SourceVersion "1"]
[SourceVersionDate "2025.04.09"]
[SourceQuality "1"]

1. d4 Nf6 2. Nf3 e6 3. c3 d5 4. Bg5 c5 5. Nbd2 Bd6 6. e4 cxd4 7. e5 dxc3 8. bxc3 h6 9. Bxf6 gxf6 10. exd6 Qxd6 11. Qa4+ Nc6 12. Bb5 Bd7 13. 0-0 Rg8 14. Nd4 e5 15. Nxc6 bxc6 16. Be2 Ke7 17. Rfd1 c5 18. Qh4 Rg6 19. Nc4 Qe6 20. Ne3 Bc6 21. Bg4 Rxg4 22. Qxg4 d4 23. Nf5+ Kd7 24. cxd4 cxd4 25. Rac1 h5 26. Qh3 Rg8 27. Rxc6 Kxc6 28. Qd3 Rg5 29. Qa6+ Kd5 30. Ne3+ Ke4 31. Qb7+ 1-0

[Event "Titled Tuesday intern op 25th Mar Early"]
[Site "Chess.com INT"]
[Date "2025.03.25"]
[Round "9"]
[White "Vasilenok, Anton"]
[Black "Rodriguez, Santiago"]
[Result "0-1"]
[WhiteElo "2137"]
[BlackElo "2252"]
[PlyCount "168"]
[EventDate "2025.03.25"]
[EventType "swiss (blitz)"]
[EventRounds "11"]
[EventCountry "USA"]
[SourceTitle "CB14_2025"]
[SourceDate "2024.11.01"]
[SourceVersion "1"]
[SourceVersionDate "2024.11.01"]
[SourceQuality "1"]

1. e4 c5 2. Nf3 Nc6 3. Bb5 g6 4. 0-0 Bg7 5. Re1 Nf6 6. e5 Nd5 7. Nc3 Nc7 8. Bxc6 dxc6 9. b4 cxb4 10. Ne4 0-0 11. a3 bxa3 12. Bxa3 Bg4 13. d4 Ne6 14. c3 b6 15. h3 Bxf3 16. Qxf3 a5 17. Rad1 Ra7 18. Qd3 b5 19. g3 Qd5 20. f4 Rd7 21. Nc5 Nxc5 22. Bxc5 Rfd8 23. Qe2 Qb3 24. Rd3 e6 25. g4 Qc4 26. Qf3 Rd5 27. Rde3 b4 28. cxb4 axb4 29. f5 Bh6 30. Rb3 Rxc5 31. dxc5 Qxc5+ 32. Kg2 exf5 33. gxf5 Rd2+ 34. Re2 Rxe2+ 35. Qxe2 Qd5+ 36. Rf3 c5 37. e6 fxe6 38. fxe6 Qg5+ 39. Kh1 Qc1+ 40. Kg2 Qg5+ 41. Kf2 Bf8 42. e7 Qxe7 43. Re3 Qf6+ 44. Rf3 Qd4+ 45. Kg2 Qd5 46. Kf1 c4 47. Kg2 c3 48. Kg3 b3 49. Rxc3 Bd6+ 50. Kf2 Be5 51. Rf3 Qd4+ 52. Kg2 b2 53. Qf1 Qd5 54. Kh1 b1Q 55. Qxb1 Qxf3+ 56. Kg1 Bd4+ 57. Kh2 Qf2+ 58. Kh1 Be5 59. Qb3+ Kg7 60. Qb7+ Kh6 61. Qg2 Qe1+ 62. Qg1 Qxg1+ 63. Kxg1 Kh5 64. Kg2 Kh4 65. Kg1 Bg3 66. Kh1 Kxh3 67. Kg1 Kg4 68. Kh1 h5 69. Kg1 Bf4 70. Kh1 g5 71. Kg1 Kf5 72. Kh1 g4 73. Kg1 Kg5 74. Kh1 h4 75. Kg1 Be3+ 76. Kh1 Kf4 77. Kh2 Kf3 78. Kh1 Kf2 79. Kh2 g3+ 80. Kh1 g2+ 81. Kh2 Bf4+ 82. Kh3 g1Q 83. Kxh4 Qg5+ 84. Kh3 Qg3# 0-1

[Event "Titled Tuesday intern op 04th Mar Early"]
[Site "Chess.com INT"]
[Date "2025.03.04"]
[Round "1"]
[White "Szpar, Milosz"]
[Black "Rodriguez, Santiago"]
[Result "1-0"]
[WhiteElo "2449"]
[BlackElo "2252"]
[PlyCount "57"]
[EventDate "2025.03.04"]
[EventType "swiss (blitz)"]
[EventRounds "11"]
[EventCountry "USA"]
[SourceTitle "CB11_2025"]
[SourceDate "2025.03.12"]
[SourceVersion "1"]
[SourceVersionDate "2025.03.12"]
[SourceQuality "1"]

1. d4 Nf6 2. Bg5 c5 3. d5 Ne4 4. h4 Nxg5 5. hxg5 Qb6 6. Qc1 g6 7. Nd2 d6 8. c3 Bg7 9. Nc4 Qc7 10. a4 e6 11. Qf4 exd5 12. Qxd6 Qxd6 13. Nxd6+ Ke7 14. Nxc8+ Rxc8 15. Rxh7 Kf8 16. Nf3 Nc6 17. e3 a6 18. Bd3 Ne5 19. Nxe5 Bxe5 20. Ke2 Kg8 21. Rah1 c4 22. Bc2 b5 23. f4 Bg7 24. g4 bxa4 25. f5 f6 26. gxf6 Bxf6 27. R7h6 Bg7 28. Rxg6 Kf7 29. Rh7 1-0

[Event "Titled Tuesday intern op 25th Feb Early"]
[Site "Chess.com INT"]
[Date "2025.02.25"]
[Round "4"]
[White "Rodriguez, Santiago"]
[Black "Vila Dupla, Aurelio"]
[Result "1-0"]
[WhiteElo "2252"]
[BlackElo "2056"]
[PlyCount "39"]
[EventDate "2025.02.25"]
[EventType "swiss (blitz)"]
[EventRounds "11"]
[EventCountry "USA"]
[SourceTitle "CB10_2025"]
[SourceDate "2025.03.05"]
[SourceVersion "1"]
[SourceVersionDate "2025.03.05"]
[SourceQuality "1"]

1. d4 Nf6 2. Bg5 e6 3. e4 h6 4. Bxf6 Qxf6 5. c3 Qd8 6. Bd3 d5 7. Nf3 Be7 8. 0-0 0-0 9. Re1 b6 10. exd5 exd5 11. Ne5 c5 12. Bc2 Ba6 13. Qh5 Bf6 14. Qf5 g6 15. Nxg6 Re8 16. Nd2 Rxe1+ 17. Rxe1 Bc8 18. Ne7+ Qxe7 19. Qh7+ Kf8 20. Rxe7 1-0

[Event "Titled Tuesday intern op 11th Feb Early"]
[Site "Chess.com INT"]
[Date "2025.02.11"]
[Round "2"]
[White "Gabrielian, Artur"]
[Black "Rodriguez, Santiago"]
[Result "1-0"]
[WhiteElo "2419"]
[BlackElo "2252"]
[PlyCount "39"]
[EventDate "2025.02.11"]
[EventType "swiss (blitz)"]
[EventRounds "11"]
[EventCountry "USA"]
[SourceTitle "CB09_2025"]
[SourceDate "2025.02.27"]
[SourceVersion "1"]
[SourceVersionDate "2025.02.27"]
[SourceQuality "1"]

1. Nf3 Nf6 2. g3 e6 3. Bg2 d5 4. 0-0 Be7 5. d3 0-0 6. Bf4 c5 7. a4 Nc6 8. e4 dxe4 9. dxe4 Nxe4 10. Ne5 Nxe5 11. Bxe5 Bf6 12. f4 Bxe5 13. fxe5 f5 14. Bxe4 fxe4 15. Rxf8+ Qxf8 16. Nc3 Bd7 17. Qxd7 Qf3 18. Rf1 Qe3+ 19. Kg2 b6 20. Qf7+ 1-0

[Event "Titled Tuesday intern op 11th Feb Early"]
[Site "Chess.com INT"]
[Date "2025.02.11"]
[Round "4"]
[White "Rodriguez, Santiago"]
[Black "Sahib, Singh"]
[Result "0-1"]
[WhiteElo "2252"]
[BlackElo "2430"]
[PlyCount "132"]
[EventDate "2025.02.11"]
[EventType "swiss (blitz)"]
[EventRounds "11"]
[EventCountry "USA"]
[SourceTitle "CB09_2025"]
[SourceDate "2025.02.27"]
[SourceVersion "1"]
[SourceVersionDate "2025.02.27"]
[SourceQuality "1"]

1. d4 d5 2. Bf4 Nf6 3. e3 e6 4. Nd2 Bd6 5. Bxd6 cxd6 6. f4 Nc6 7. Ngf3 0-0 8. c3 Ne4 9. Bd3 f5 10. h4 Bd7 11. Ng5 h6 12. Ngxe4 fxe4 13. Bc2 Kh8 14. g4 e5 15. dxe5 dxe5 16. f5 h5 17. g5 Qe8 18. Bb3 Bxf5 19. Bxd5 Rd8 20. Bxc6 bxc6 21. Qe2 Bg4 22. Qc4 Qd7 23. Rh2 Bf3 24. Nxe4 Qd1+ 25. Rxd1 Rxd1+ 26. Kf2 Bxe4+ 27. Ke2 Bf3+ 28. Kf2 Bd5+ 29. Ke2 Bxc4+ 30. Kxd1 Bxa2 31. b4 Bd5 32. Kc2 g6 33. Kd3 Kg7 34. c4 Be6 35. Ra2 Rf7 36. Ra6 Rc7 37. c5 Kf7 38. Ke4 Bc4 39. Ra1 Ke6 40. Rd1 Bd5+ 41. Kd3 Rd7 42. Kc3 Bf3 43. Rf1 e4 44. Ra1 Kf5 45. Ra6 Rc7 46. Kd4 Kg4 47. Ke5 Kxh4 48. Kd6 Rb7 49. Ra4 Kxg5 50. Kxc6 Rh7 51. b5 h4 52. Kd6 h3 53. Rxa7 Rxa7 54. b6 Rb7 55. Kc6 Rh7 56. b7 Rxb7 57. Kxb7 h2 58. c6 h1Q 59. c7 Qb1+ 60. Ka8 Qc2 61. Kb8 Bg4 62. Ka8 Qc6+ 63. Kb8 Qb6+ 64. Ka8 Bd7 65. c8Q Bc6+ 66. Qxc6 Qxc6+ 0-1

[Event "Titled Tuesday intern op 11th Feb Early"]
[Site "Chess.com INT"]
[Date "2025.02.11"]
[Round "6"]
[White "Spata, German"]
[Black "Rodriguez, Santiago"]
[Result "1-0"]
[WhiteElo "2398"]
[BlackElo "2252"]
[PlyCount "73"]
[EventDate "2025.02.11"]
[EventType "swiss (blitz)"]
[EventRounds "11"]
[EventCountry "USA"]
[SourceTitle "CB09_2025"]
[SourceDate "2025.02.27"]
[SourceVersion "1"]
[SourceVersionDate "2025.02.27"]
[SourceQuality "1"]

1. d4 Nf6 2. Nc3 d5 3. Bf4 c6 4. e3 Bf5 5. f3 e6 6. g4 Bg6 7. h4 Qa5 8. h5 Ba3 9. Qc1 Be4 10. fxe4 Nxe4 11. Nge2 Bb4 12. Bg2 Nxc3 13. bxc3 Bxc3+ 14. Nxc3 Qxc3+ 15. Ke2 Nd7 16. Qd2 Qa3 17. Qd3 Qe7 18. Kf2 0-0 19. h6 g5 20. Bg3 f5 21. gxf5 exf5 22. Kg1 Rae8 23. Bf2 Nf6 24. c4 dxc4 25. Qxc4+ Kh8 26. Re1 Ng4 27. d5 Nxf2 28. Kxf2 f4 29. Qd4+ Kg8 30. exf4 Rxf4+ 31. Qxf4 gxf4 32. Rxe7 Rxe7 33. dxc6 bxc6 34. Rc1 Re6 35. Rxc6 Re5 36. Rc7 Ra5 37. Rg7+ 1-0

[Event "Titled Tuesday intern op 04th Feb Early"]
[Site "Chess.com INT"]
[Date "2025.02.04"]
[Round "3"]
[White "Costachi, Mihnea"]
[Black "Rodriguez, Santiago"]
[Result "1-0"]
[WhiteElo "2464"]
[BlackElo "2252"]
[PlyCount "75"]
[EventDate "2025.02.04"]
[EventType "swiss (blitz)"]
[EventRounds "11"]
[EventCountry "USA"]
[SourceTitle "CB07_2025"]
[SourceDate "2025.02.12"]
[SourceVersion "1"]
[SourceVersionDate "2025.02.12"]
[SourceQuality "1"]

1. e4 c5 2. Nc3 Nc6 3. Nf3 e5 4. Bc4 Be7 5. d3 d6 6. Be3 Nf6 7. h3 0-0 8. Nd5 Nd7 9. g4 Kh8 10. Qd2 Nd4 11. Bxd4 cxd4 12. c3 dxc3 13. bxc3 Nc5 14. Qe2 a6 15. d4 exd4 16. cxd4 b5 17. dxc5 bxc4 18. c6 Bf6 19. Rd1 Qa5+ 20. Kf1 Qc5 21. Nxf6 gxf6 22. Nd4 a5 23. Kg2 Re8 24. Qf3 Qe5 25. Rhe1 Be6 26. Nf5 Rec8 27. Nd4 Re8 28. Qe3 Rac8 29. f4 Qc5 30. Qc3 d5 31. f5 dxe4 32. fxe6 fxe6 33. Rxe4 e5 34. Nf5 Qxc6 35. Qf3 c3 36. Rc1 Red8 37. Re2 Qc4 38. Ne7 1-0

[Event "Titled Tuesday intern op 28th Jan Early"]
[Site "Chess.com INT"]
[Date "2025.01.28"]
[Round "8"]
[White "Barwinska, Ewa"]
[Black "Rodriguez, Santiago"]
[Result "0-1"]
[WhiteElo "2021"]
[BlackElo "2252"]
[PlyCount "80"]
[EventDate "2025.01.28"]
[EventType "swiss (blitz)"]
[EventRounds "11"]
[EventCountry "USA"]
[SourceTitle "CB06_2025"]
[SourceDate "2025.02.05"]
[SourceVersion "1"]
[SourceVersionDate "2025.02.05"]
[SourceQuality "1"]

1. e4 d5 2. exd5 Nf6 3. d4 Bg4 4. Be2 Bxe2 5. Nxe2 Qxd5 6. 0-0 Nc6 7. Nbc3 Qh5 8. Ng3 Qxd1 9. Rxd1 0-0-0 10. Be3 e6 11. Nge4 Be7 12. f3 Nxe4 13. Nxe4 f5 14. Nc3 g5 15. a3 Bf6 16. Ne2 h5 17. h4 gxh4 18. c3 e5 19. dxe5 Nxe5 20. Bd4 h3 21. Bxe5 Bxe5 22. gxh3 Rhg8+ 23. Kf2 Bf6 24. Rxd8+ Kxd8 25. Rd1+ Ke7 26. Nf4 Bh4+ 27. Ke2 c6 28. Nxh5 Rg2+ 29. Ke3 Rxb2 30. Nf4 Bg5 31. h4 Bh6 32. Re1 Kf7 33. Rd1 Rh2 34. Rd7+ Ke8 35. Rh7 Rxh4 36. Rh8+ Kd7 37. Rh7+ Kd6 38. Rxh6+ Rxh6 39. Nd3 Rh4 40. Nf2 Ra4 0-1

[Event "Titled Tuesday intern op 28th Jan Early"]
[Site "Chess.com INT"]
[Date "2025.01.28"]
[Round "2"]
[White "Rodriguez, Santiago"]
[Black "Pozdeev, Vladimir1"]
[Result "1-0"]
[WhiteElo "2252"]
[BlackElo "2195"]
[PlyCount "75"]
[EventDate "2025.01.28"]
[EventType "swiss (blitz)"]
[EventRounds "11"]
[EventCountry "USA"]
[SourceTitle "CB06_2025"]
[SourceDate "2025.02.05"]
[SourceVersion "1"]
[SourceVersionDate "2025.02.05"]
[SourceQuality "1"]

1. d4 Nf6 2. Bg5 e6 3. e4 h6 4. Bxf6 gxf6 5. c3 c5 6. Nf3 d5 7. exd5 Qxd5 8. Nbd2 Nc6 9. Bc4 Qh5 10. 0-0 cxd4 11. cxd4 Rg8 12. Re1 Be7 13. Ne4 Bd7 14. d5 Nd8 15. dxe6 Nxe6 16. Ng3 Qg6 17. Bd3 Qg7 18. Bf5 0-0-0 19. Rc1+ Bc6 20. Rxc6+ bxc6 21. Qa4 Kb7 22. Qb3+ Ka8 23. Be4 Rd5 24. Bxd5 cxd5 25. Qxd5+ Kb8 26. Re3 Bd8 27. Rb3+ Bb6 28. Qd6+ Kb7 29. Qd7+ Kb8 30. a4 Qg4 31. Qd6+ Kb7 32. a5 Qc4 33. Qd7+ Kb8 34. axb6 Qc1+ 35. Nf1 Rxg2+ 36. Kxg2 Nf4+ 37. Kg3 Ne2+ 38. Kh4 1-0

[Event "Titled Tuesday intern op 21st Jan Late"]
[Site "Chess.com INT"]
[Date "2025.01.21"]
[Round "6"]
[White "Kalyani, Sirin"]
[Black "Rodriguez, Santiago"]
[Result "0-1"]
[WhiteElo "2012"]
[BlackElo "2252"]
[PlyCount "90"]
[EventDate "2025.01.21"]
[EventType "swiss (blitz)"]
[EventRounds "11"]
[EventCountry "USA"]
[SourceTitle "CB05_2025"]
[SourceDate "2025.01.29"]
[SourceVersion "1"]
[SourceVersionDate "2025.01.29"]
[SourceQuality "1"]

1. e4 c5 2. Nf3 Nc6 3. Bb5 g6 4. 0-0 Bg7 5. c3 Nf6 6. Re1 0-0 7. d4 d5 8. e5 Ne4 9. Bxc6 bxc6 10. Be3 Rb8 11. Qc1 c4 12. Nbd2 Bf5 13. h3 Qb6 14. b3 Nxd2 15. Nxd2 Bd3 16. Qa3 Qc7 17. Qa4 c5 18. bxc4 cxd4 19. Bxd4 dxc4 20. Qxa7 Rb7 21. Qc5 Qxc5 22. Bxc5 Ra8 23. a4 f6 24. f4 fxe5 25. fxe5 Ra5 26. Bd4 Bh6 27. Nf3 Bf4 28. Ra2 Rb3 29. Kf2 Bb1 30. Rae2 Bd3 31. Ra2 Bb1 32. Ra1 Bd3 33. Be3 Bxe5 34. Nxe5 Rxe5 35. a5 Rb2+ 36. Kg3 Be4 37. Rg1 Bxg2 38. Bf4 Ree2 39. a6 Ba8 40. a7 Rg2+ 41. Rxg2 Rxg2+ 42. Kh4 Kg7 43. Ra5 h6 44. Bg3 Bf3 45. Be5+ Kf7 0-1

[Event "Titled Tuesday intern op 21st Jan Late"]
[Site "Chess.com INT"]
[Date "2025.01.21"]
[Round "8"]
[White "Rodriguez, Santiago"]
[Black "Concio, Michael Jr"]
[Result "0-1"]
[WhiteElo "2252"]
[BlackElo "2371"]
[PlyCount "106"]
[EventDate "2025.01.21"]
[EventType "swiss (blitz)"]
[EventRounds "11"]
[EventCountry "USA"]
[SourceTitle "CB05_2025"]
[SourceDate "2025.01.29"]
[SourceVersion "1"]
[SourceVersionDate "2025.01.29"]
[SourceQuality "1"]

1. d4 Nf6 2. Bg5 Ne4 3. Bf4 d5 4. e3 e6 5. Bd3 c5 6. Bxe4 dxe4 7. Nc3 cxd4 8. Qxd4 Qxd4 9. exd4 Bb4 10. Nge2 Nc6 11. 0-0-0 f5 12. d5 Bxc3 13. Nxc3 e5 14. dxc6 exf4 15. c7 Ke7 16. Nd5+ Kf7 17. Nxf4 g5 18. Rd8 Re8 19. Ne2 Be6 20. Rhd1 Rc8 21. Rxe8 Kxe8 22. Nd4 Ke7 23. g4 fxg4 24. Re1 Bd5 25. Rg1 h5 26. h3 Rxc7 27. hxg4 h4 28. Kd2 Kf6 29. Ke3 a6 30. b3 Rc3+ 31. Kd2 Rc8 32. c4 Bf7 33. Ke3 Bg6 34. a4 Rd8 35. a5 Ke5 36. Rd1 Kf6 37. b4 h3 38. b5 h2 39. Rh1 Ke5 40. Nf5 Rd3+ 41. Ke2 axb5 42. cxb5 Rb3 43. b6 Rb2+ 44. Ke3 Rb3+ 45. Ke2 Ra3 46. Rxh2 Ra2+ 47. Ke3 Rxa5 48. Ne7 Ra3+ 49. Ke2 Bf7 50. Rh7 Bc4+ 51. Ke1 Kd4 52. Nf5+ Kc3 53. Rxb7 Ra1# 0-1

[Event "Titled Tuesday intern op 14th Jan Early"]
[Site "Chess.com INT"]
[Date "2025.01.14"]
[Round "3"]
[White "Dubreuil, Julien"]
[Black "Rodriguez, Santiago"]
[Result "1/2-1/2"]
[WhiteElo "2104"]
[BlackElo "2252"]
[PlyCount "131"]
[EventDate "2025.01.14"]
[EventType "swiss (blitz)"]
[EventRounds "11"]
[EventCountry "USA"]
[SourceTitle "CB04_2025"]
[SourceDate "2025.01.22"]
[SourceVersion "1"]
[SourceVersionDate "2025.01.22"]
[SourceQuality "1"]

1. e4 c5 2. Nf3 Nc6 3. Nc3 e5 4. b4 cxb4 5. Nd5 Nf6 6. d4 exd4 7. Bd3 h6 8. 0-0 Bc5 9. a3 bxa3 10. Bxa3 d6 11. Nxf6+ Qxf6 12. e5 Nxe5 13. Nxe5 Bxa3 14. Bb5+ Kf8 15. Rxa3 dxe5 16. Bc4 Be6 17. Bxe6 Qxe6 18. f4 exf4 19. Qxd4 Rc8 20. Rxa7 Qe3+ 21. Qxe3 fxe3 22. Rxb7 f6 23. Re1 Re8 24. Rb3 Kf7 25. Rexe3 Rxe3 26. Rxe3 Rc8 27. c3 f5 28. Kf2 Kf6 29. Ke2 g5 30. Kd3 f4 31. Re4 Kf5 32. Ra4 Rd8+ 33. Kc2 h5 34. h3 Re8 35. Kd3 Re3+ 36. Kd4 Rg3 37. Ra5+ Kf6 38. Ra2 Ke6 39. c4 Kd6 40. Ra6+ Kc7 41. Ra2 Re3 42. Kc5 f3 43. gxf3 Rxf3 44. Ra7+ Kb8 45. Rg7 Rxh3 46. Kb6 Rb3+ 47. Kc6 g4 48. Rh7 Rh3 49. c5 h4 50. Rh8+ Ka7 51. Rh7+ Ka6 52. Rh8 Ka5 53. Ra8+ Kb4 54. Kb6 g3 55. Rg8 Rh1 56. c6 Rc1 57. Rg4+ Kb3 58. Rxh4 g2 59. Rg4 g1Q+ 60. Rxg1 Rxg1 61. c7 Rg6+ 62. Kb7 Rg7 63. Kb6 Rg8 64. Kb7 Kb4 65. c8Q Rxc8 66. Kxc8 1/2-1/2

[Event "Titled Tuesday intern op 07th Jan Early"]
[Site "Chess.com INT"]
[Date "2025.01.07"]
[Round "7"]
[White "Nigmatov, Ortik"]
[Black "Rodriguez, Santiago"]
[Result "1/2-1/2"]
[WhiteElo "2491"]
[BlackElo "2252"]
[PlyCount "111"]
[EventDate "2025.01.07"]
[EventType "swiss (blitz)"]
[EventRounds "11"]
[EventCountry "USA"]
[SourceTitle "CB03_2025"]
[SourceDate "2025.01.15"]
[SourceVersion "1"]
[SourceVersionDate "2025.01.15"]
[SourceQuality "1"]

1. e4 c5 2. Nf3 Nc6 3. d4 cxd4 4. Nxd4 e5 5. Nb5 d6 6. N1c3 a6 7. Na3 b5 8. Nd5 Nge7 9. Bg5 h6 10. Bxe7 Nxe7 11. Nxe7 Bxe7 12. c3 Bb7 13. Bd3 d5 14. Qe2 0-0 15. Nc2 f5 16. 0-0-0 Qa5 17. Kb1 dxe4 18. Bc4+ bxc4 19. Rd7 Bd5 20. Rd1 Rad8 21. R1xd5 Qa4 22. Rxd8 Rxd8 23. Rxd8+ Bxd8 24. Qd1 Bb6 25. Qd5+ Kh7 26. Qxe5 Qb5 27. Qxb5 axb5 28. Na3 Bxf2 29. Nxb5 f4 30. Kc2 Bg1 31. Kd2 Bxh2 32. a4 Bg1 33. a5 h5 34. a6 h4 35. Nd4 Bxd4 36. cxd4 f3 37. gxf3 h3 38. a7 h2 39. a8Q e3+ 40. Kxe3 h1Q 41. Qe4+ Kh8 42. Qe8+ Kh7 43. Qe4+ Kh8 44. d5 Qc1+ 45. Kd4 Qxb2+ 46. Kxc4 Qa2+ 47. Kc5 Qa5+ 48. Kd6 Qb6+ 49. Ke7 Qc7+ 50. Ke6 Qc8+ 51. Ke5 Qc7+ 52. d6 Qc5+ 53. Qd5 Qe3+ 54. Kf5 g6+ 55. Kxg6 Qe6+ 56. Qxe6 1/2-1/2

[Event "Titled Tuesday intern op 07th Jan Early"]
[Site "Chess.com INT"]
[Date "2025.01.07"]
[Round "6"]
[White "Rodriguez, Santiago"]
[Black "Ebrahimi Herab, Hamidreza"]
[Result "1-0"]
[WhiteElo "2252"]
[BlackElo "2412"]
[PlyCount "85"]
[EventDate "2025.01.07"]
[EventType "swiss (blitz)"]
[EventRounds "11"]
[EventCountry "USA"]
[SourceTitle "CB03_2025"]
[SourceDate "2025.01.15"]
[SourceVersion "1"]
[SourceVersionDate "2025.01.15"]
[SourceQuality "1"]

1. d4 Nf6 2. Bg5 d5 3. Bxf6 exf6 4. e3 c6 5. Bd3 Bd6 6. Nd2 f5 7. c4 dxc4 8. Nxc4 Bc7 9. Ne2 0-0 10. Qc2 g6 11. h4 h5 12. 0-0-0 Nd7 13. Kb1 Nb6 14. Ne5 Qe7 15. f4 Nd5 16. Rh3 a5 17. a3 b5 18. Nxc6 Qf6 19. Qc5 Be6 20. Bxb5 Bb6 21. Qd6 Rfc8 22. Qe5 Qxe5 23. fxe5 Kg7 24. Rc1 Bd7 25. Nf4 Nxf4 26. exf4 Be6 27. Rhc3 Bd5 28. Ne7 Be4+ 29. Ka1 Re8 30. Bxe8 Rxe8 31. Nc6 Bxg2 32. Rd1 Bd5 33. Nxa5 Bxa5 34. Rc5 Bf3 35. Rf1 Bb6 36. Rxf3 Rd8 37. Rc4 Bxd4 38. Ka2 Bg1 39. Rc7 Bb6 40. Rb7 Bc5 41. Rc3 Rd5 42. e6 Bd4 43. e7 1-0

[Event "Titled Tuesday intern op 07th Jan Early"]
[Site "Chess.com INT"]
[Date "2025.01.07"]
[Round "3"]
[White "Sankalan, Shah"]
[Black "Rodriguez, Santiago"]
[Result "0-1"]
[WhiteElo "1874"]
[BlackElo "2252"]
[PlyCount "62"]
[EventDate "2025.01.07"]
[EventType "swiss (blitz)"]
[EventRounds "11"]
[EventCountry "USA"]
[SourceTitle "CB03_2025"]
[SourceDate "2025.01.15"]
[SourceVersion "1"]
[SourceVersionDate "2025.01.15"]
[SourceQuality "1"]

1. d4 Nf6 2. c4 e6 3. Nf3 Bb4+ 4. Bd2 Qe7 5. g3 Nc6 6. Bg2 Bxd2+ 7. Nbxd2 d6 8. 0-0 a5 9. Qc2 e5 10. e3 h6 11. Rfe1 0-0 12. a3 e4 13. d5 exf3 14. Nxf3 Ne5 15. Nxe5 Qxe5 16. f4 Qh5 17. e4 Bh3 18. Bh1 Rfe8 19. Re2 Bg4 20. Re3 b6 21. Rae1 a4 22. e5 Nd7 23. e6 Nc5 24. Qc3 Rad8 25. e7 Rd7 26. Bg2 f6 27. Kf2 Qf5 28. Qd2 Kf7 29. h3 Bxh3 30. Bxh3 Qxh3 31. Kf3 Rdxe7 0-1

[Event "Titled Tuesday intern op 26th Nov Late"]
[Site "Chess.com INT"]
[Date "2024.11.26"]
[Round "5"]
[White "Rodriguez, Santiago"]
[Black "Olsen, Filip Boe"]
[Result "0-1"]
[WhiteElo "2252"]
[BlackElo "2470"]
[PlyCount "60"]
[EventDate "2024.11.26"]
[EventType "swiss (blitz)"]
[EventRounds "11"]
[EventCountry "USA"]
[SourceTitle "CB49_2024"]
[SourceDate "2024.12.04"]
[SourceVersion "1"]
[SourceVersionDate "2024.12.04"]
[SourceQuality "1"]

1. d4 Nf6 2. Bg5 d5 3. Bxf6 gxf6 4. e3 Bf5 5. c4 c6 6. Nc3 e6 7. Qb3 Qb6 8. c5 Qc7 9. Nf3 Nd7 10. Rc1 Bg6 11. g3 Bh6 12. Bg2 e5 13. 0-0 0-0 14. Qa4 Rfe8 15. Bh3 Nf8 16. Nh4 Ne6 17. dxe5 fxe5 18. Nf5 Bf8 19. b4 Ng5 20. Bg4 h5 21. f4 exf4 22. exf4 hxg4 23. fxg5 Qe5 24. Nh4 Qe3+ 25. Kh1 Bd3 26. Rfe1 Qxe1+ 27. Rxe1 Rxe1+ 28. Kg2 Bg7 29. Qb3 Rae8 30. Nxd5 R8e2# 0-1